| 000 | 00950nmm a2200265 a 4500 | ||
|---|---|---|---|
| 003 | AR-X00000XY | ||
| 005 | 20251128211910.0 | ||
| 008 | 067020s2005 ||||||||||||||000 | spa|| | ||
| 040 | _cAR-X00000XY | ||
| 111 | 2 |
_aExposición Don Quijote o la invención de la escritura _d2005 _cBogotá, Colombia |
|
| 245 | 1 | 0 |
_aDon Quijote o la invención de la literatura _bcatálogo de la exposición : en conmemoración de los 400 años de la publicación de la primera parte de Don Quijote de la Mancha |
| 260 |
_aBogotá _bBiblioteca Nacional de Colombia _c2005 |
||
| 300 | 0 |
_a122 p. _bil. col. |
|
| 500 | 0 | _aDonación de la Embajada de Colombia en Buenos Aires | |
| 610 | 2 | 4 | _aBiblioteca Nacional de Colombia |
| 650 | 4 | _aEXPOSICIONES | |
| 650 | 4 | _aICONOGRAFIA | |
| 650 | 4 | _aHOMENAJE | |
| 650 | 4 | _aLITERATURA ESPANOLA | |
| 650 | 4 | _aCATALOGOS | |
| 655 | _aLITERATURA | ||
| 700 | 1 | _aCabarcas Antequera, Hernando | |
| 942 | _cBK | ||
| 998 | _cNancy | ||
| 999 |
_c21536 _d21536 |
||